Quiz - Logos - Statistiques

Statistiques générales
  • Ce quiz a été pris 361 fois
  • Le résultat moyen est 54 sur 100
Statistiques - réponses
Question Tuile Select % Correct
Ont le nom de la marque qu'ils représentent en eux-mêmes ? Mitsubishi Non
87%
Ont le nom de la marque qu'ils représentent en eux-mêmes ? Audi Non
83%
Ont le nom de la marque qu'ils représentent en eux-mêmes ? Mercedes-Benz Non
82%
Contient du rouge ? Apple Non
81%
Ont le nom de la marque qu'ils représentent en eux-mêmes ? Bluetooth Non
81%
Contient du rouge ? Facebook Non
81%
Ont le nom de la marque qu'ils représentent en eux-mêmes ? Firefox Non
81%
Contient du rouge ? Starbucks Non
81%
Contient du rouge ? Twitter Non
81%
Ont le nom de la marque qu'ils représentent en eux-mêmes ? Lacoste Non
80%
Contient du rouge ? Nike Non
80%
Contient du rouge ? Samsung Non
80%
Contient du rouge ? Amazon Non
79%
Contient du rouge ? Fanta Non
79%
Contient du rouge ? Sony Non
79%
Contient du rouge ? Sprite Non
79%
Contient du rouge ? Audi Non
78%
Contient du rouge ? Intel Non
78%
Contient du rouge ? Youtube Oui
78%
Contient du rouge ? Coca-Cola Oui
77%
Contient du rouge ? Netflix Oui
77%
Ont le nom de la marque qu'ils représentent en eux-mêmes ? Shell Non
77%
Contient du rouge ? KFC Oui
76%
Ont le nom de la marque qu'ils représentent en eux-mêmes ? Nike Non
76%
Contient du rouge ? Lego Oui
72%
Ont le nom de la marque qu'ils représentent en eux-mêmes ? Michelin Non
72%
Contient du rouge ? Kapla Non
71%
Contient du rouge ? RedBull Oui
70%
Ont le nom de la marque qu'ils représentent en eux-mêmes ? Adidas Non
69%
Contient du rouge ? Nintendo Oui
69%
Ont le nom de la marque qu'ils représentent en eux-mêmes ? Apple Non
68%
Ont le nom de la marque qu'ils représentent en eux-mêmes ? Pepsi Non
68%
Est circulaire (ou ellipsoïde) ? Zara Non
67%
Est circulaire (ou ellipsoïde) ? FedEx Non
66%
Est circulaire (ou ellipsoïde) ? Air France Non
65%
Est circulaire (ou ellipsoïde) ? Kodak Non
65%
Est circulaire (ou ellipsoïde) ? Michelin Non
65%
Est circulaire (ou ellipsoïde) ? Mitsubishi Non
63%
Est circulaire (ou ellipsoïde) ? Rolls-Royce Non
62%
Est circulaire (ou ellipsoïde) ? Subway Non
62%
Est circulaire (ou ellipsoïde) ? Citroën Non
61%
Représentent (ou sont censés représenter) des objets ? LinkedIn Non
60%
Représentent (ou sont censés représenter) des objets ? Gatorade Non
59%
Est circulaire (ou ellipsoïde) ? Visa Non
59%
Est circulaire (ou ellipsoïde) ? BMW Oui
58%
Ont le nom de la marque qu'ils représentent en eux-mêmes ? Pringles Non
58%
Ont le nom de la marque qu'ils représentent en eux-mêmes ? Samsung Oui
58%
Représentent (ou sont censés représenter) des objets ? Honda Non
57%
Ont le nom de la marque qu'ils représentent en eux-mêmes ? LG Oui
57%
Contient du rouge ? NBA Oui
57%
Représentent (ou sont censés représenter) des objets ? PayPal Non
57%
Représentent (ou sont censés représenter) des objets ? Axe Non
56%
Ont le nom de la marque qu'ils représentent en eux-mêmes ? Nintendo Oui
56%
Ont le nom de la marque qu'ils représentent en eux-mêmes ? Red Bull Non
56%
Contient du rouge ? Adobe Oui
55%
Représentent (ou sont censés représenter) des objets ? Toyota Non
55%
Est circulaire (ou ellipsoïde) ? Mercedes-Benz Oui
54%
Est circulaire (ou ellipsoïde) ? Pepsi Oui
54%
Est circulaire (ou ellipsoïde) ? Rolex Non
54%
Ont le nom de la marque qu'ils représentent en eux-mêmes ? Disney Oui
52%
Contient du rouge ? McDonald's Oui
52%
Représentent (ou sont censés représenter) des objets ? L'Oréal Non
51%
Est circulaire (ou ellipsoïde) ? Volkswagen Oui
51%
Représentent (ou sont censés représenter) des objets ? Tesla Non
50%
Ont le nom de la marque qu'ils représentent en eux-mêmes ? Google Oui
49%
Ont le nom de la marque qu'ils représentent en eux-mêmes ? FedEx Oui
47%
Représentent (ou sont censés représenter) des objets ? Gilette Non
47%
Ont le nom de la marque qu'ils représentent en eux-mêmes ? Sony Oui
47%
Est circulaire (ou ellipsoïde) ? LG Oui
46%
Est circulaire (ou ellipsoïde) ? Starbucks Oui
46%
Représentent (ou sont censés représenter) des objets ? Dove Non
44%
Représentent (ou sont censés représenter) des objets ? Domino's Pizza Oui
43%
Est circulaire (ou ellipsoïde) ? Pinterest Oui
43%
Contient du rouge ? Heinz Oui
42%
Ont le nom de la marque qu'ils représentent en eux-mêmes ? BMW Oui
41%
Est circulaire (ou ellipsoïde) ? Nasa Oui
41%
Représentent (ou sont censés représenter) des objets ? Instagram Oui
40%
Représentent (ou sont censés représenter) des objets ? Starbucks Non
40%
Ont le nom de la marque qu'ils représentent en eux-mêmes ? Fortnite Oui
39%
Contient du rouge ? LG Oui
37%
Ont le nom de la marque qu'ils représentent en eux-mêmes ? Intel Oui
33%
Ont le nom de la marque qu'ils représentent en eux-mêmes ? Dell Oui
32%
Représentent (ou sont censés représenter) des objets ? WhatsApp Oui
32%
Est circulaire (ou ellipsoïde) ? Yamaha Oui
29%
Représentent (ou sont censés représenter) des objets ? Rubik Oui
27%
Représentent (ou sont censés représenter) des objets ? Dropbox Oui
25%
Est circulaire (ou ellipsoïde) ? Hyundai Oui
25%
Est circulaire (ou ellipsoïde) ? Subaru Oui
21%
Est circulaire (ou ellipsoïde) ? Target Oui
20%
Représentent (ou sont censés représenter) des objets ? Nasa Oui
19%
Représentent (ou sont censés représenter) des objets ? Goodyear Oui
15%
Représentent (ou sont censés représenter) des objets ? Microsoft Oui
15%
Représentent (ou sont censés représenter) des objets ? Target Oui
14%
Représentent (ou sont censés représenter) des objets ? Coca-Cola Oui
12%
Représentent (ou sont censés représenter) des objets ? Corona Oui
12%
Est circulaire (ou ellipsoïde) ? Dell Oui
12%
Représentent (ou sont censés représenter) des objets ? Yamaha Oui
12%
Est circulaire (ou ellipsoïde) ? Intel Oui
10%
Représentent (ou sont censés représenter) des objets ? UPS Oui
7%
Représentent (ou sont censés représenter) des objets ? Trojan Oui
4%
Aucun quiz correspondant
Distribution des résultats
% des personnes avec chaque résultat
Percentile par nombre de réponses
Votre historique - résultats
Vous n’avez pas pris ce quiz